[Event "NAYCC U16"]
[Site "Kingston CAN"]
[Date "2019.08.18"]
[Round "6.154"]
[White "Talukdar, Rohan"]
[Black "Yang, Kevin"]
[Result "1-0"]
[WhiteElo "2399"]
[BlackElo "2164"]
[PlyCount "129"]
[EventDate "2019.08.16"]
[EventType "swiss"]
[EventRounds "9"]
[EventCountry "CAN"]

1. e4 c6 2. d4 d5 3. Nc3 dxe4 4. Nxe4 Nd7 5. Ng5 e6 6. Bd3 Ngf6 7. N1f3 Bd6 8.
Qe2 h6 9. Ne4 Nxe4 10. Qxe4 Qc7 11. Qg4 Kf8 12. O-O b6 13. b3 Bb7 14. Bb2 Nf6
15. Qh3 Nd5 16. g3 c5 17. c4 Nf6 18. d5 exd5 19. Bxf6 gxf6 20. Qh5 d4 21. Rfe1
Re8 22. Rxe8+ Kxe8 23. Re1+ Kd8 24. Nh4 Re8 25. Rxe8+ Kxe8 26. Qxh6 Qc6 27. f3
Bf8 28. Qd2 Qe6 29. Kf2 Qe5 30. Nf5 Bc8 31. Nh4 Bb7 32. Ng2 Qh5 33. Qe2+ Qe5
34. Qc2 Bh6 35. Be4 Bxe4 36. Qxe4 Qxe4 37. fxe4 Bg5 38. h4 Bh6 39. Ne1 Ke7 40.
Nd3 Ke6 41. b4 cxb4 42. Nxb4 f5 43. exf5+ Kxf5 44. Kf3 a5 45. Nd3 f6 46. g4+
Ke6 47. Ke4 Be3 48. Nf4+ Kf7 49. Ne2 Bf2 50. h5 Kg7 51. Nxd4 Kh6 52. Ne6 Be1
53. Kf5 Bc3 54. Nc7 Kg7 55. Nd5 Bd4 56. a4 Kf7 57. h6 Bb2 58. h7 Kg7 59. Nxf6
Bd4 60. g5 Kh8 61. g6 b5 62. cxb5 Bxf6 63. b6 Bd8 64. b7 Bc7 65. Kf6 1-0

[Event "NAYCC U16"]
[Site "Kingston CAN"]
[Date "2019.08.18"]
[Round "6.155"]
[White "Wang, Henry"]
[Black "Rodrigue-Lemieux, Shawn"]
[Result "0-1"]
[WhiteElo "2001"]
[BlackElo "2199"]
[PlyCount "76"]
[EventDate "2019.08.16"]
[EventType "swiss"]
[EventRounds "9"]
[EventCountry "CAN"]

1. c4 Nf6 2. g3 e6 3. Bg2 d5 4. Nf3 Be7 5. b3 O-O 6. Bb2 c5 7. O-O Nc6 8. e3
Qc7 9. Nc3 dxc4 10. bxc4 Rd8 11. Qe2 a6 12. Rad1 b6 13. d3 Bb7 14. Ne1 Na7 15.
f4 b5 16. g4 b4 17. Nb1 a5 18. g5 Ne8 19. Bxb7 Qxb7 20. Rf3 f5 21. Rh3 g6 22.
Qf2 Bf8 23. Qh4 Nc6 24. Nd2 a4 25. Ndf3 Ra7 26. Rb1 Bd6 27. d4 Qa6 28. Rc1 a3
29. Ba1 Qa4 30. d5 exd5 31. cxd5 b3 32. Bf6 b2 33. Rb1 Qe4 34. dxc6 Qxb1 35.
Bxd8 Rf7 36. c7 Nxc7 37. Bf6 Qd1 38. Qh6 Rd7 0-1

[Event "NAYCC U16"]
[Site "Kingston CAN"]
[Date "2019.08.18"]
[Round "6.156"]
[White "Chen, Alex"]
[Black "Surya, Benito"]
[Result "1-0"]
[WhiteElo "1796"]
[BlackElo "1920"]
[PlyCount "69"]
[EventDate "2019.08.16"]
[EventType "swiss"]
[EventRounds "9"]
[EventCountry "CAN"]

1. e4 d5 2. exd5 Qxd5 3. Nc3 Qa5 4. d4 Nf6 5. Nf3 Bg4 6. h3 Bh5 7. g4 Bg6 8.
Ne5 e6 9. h4 Nbd7 10. Nc4 Qa6 11. h5 Be4 12. f3 Bd5 13. Ne3 Qd6 14. Kf2 c6 15.
g5 Ng8 16. Ne2 c5 17. c4 cxd4 18. cxd5 dxe3+ 19. Bxe3 Qxd5 20. Qxd5 exd5 21.
Nc3 O-O-O 22. Rc1 Kb8 23. Bf4+ Ka8 24. Nxd5 Bc5+ 25. Rxc5 Nxc5 26. Nc7+ Kb8 27.
Ne6+ Kc8 28. Nxc5 Rd5 29. Bh3+ Kd8 30. Nxb7+ Ke8 31. Re1+ Ne7 32. Bd6 Rxd6 33.
Nxd6+ Kf8 34. Bd7 g6 35. Nc8 1-0

[Event "NAYCC U16"]
[Site "Kingston CAN"]
[Date "2019.08.18"]
[Round "6.157"]
[White "Shlyakhtenko, Robert"]
[Black "Zhao, Ian"]
[Result "1/2-1/2"]
[WhiteElo "2196"]
[BlackElo "2210"]
[PlyCount "59"]
[EventDate "2019.08.16"]
[EventType "swiss"]
[EventRounds "9"]
[EventCountry "CAN"]

1. d4 Nf6 2. c4 e6 3. Nc3 Bb4 4. f3 c5 5. d5 d6 6. e4 b5 7. Nge2 bxc4 8. Nf4
Bxc3+ 9. bxc3 e5 10. Ne2 Nbd7 11. Bg5 h6 12. Be3 Qa5 13. Qd2 Nb6 14. g4 Na4 15.
Rb1 Bxg4 16. fxg4 Nxe4 17. Qc2 Naxc3 18. Nxc3 Qxc3+ 19. Qxc3 Nxc3 20. Rb2 Na4
21. Rc2 Rb8 22. Bxc4 Ke7 23. Kd2 Nb6 24. Kd3 g6 25. Rf1 f6 26. Bb3 h5 27. Rcf2
Rbf8 28. Rg1 hxg4 29. Rxg4 Rh3 30. a4 1/2-1/2

[Event "NAYCC U16"]
[Site "Kingston CAN"]
[Date "2019.08.18"]
[Round "6.158"]
[White "Vasic, Maxim"]
[Black "Liang, Dustin"]
[Result "1/2-1/2"]
[WhiteElo "1862"]
[BlackElo "1885"]
[PlyCount "44"]
[EventDate "2019.08.16"]
[EventType "swiss"]
[EventRounds "9"]
[EventCountry "CAN"]

1. d4 d5 2. c4 c6 3. Nf3 Nf6 4. Nc3 e6 5. Bg5 Be7 6. e3 Nbd7 7. Bd3 O-O 8. O-O
b6 9. Qc2 Bb7 10. Rfd1 Rc8 11. Qe2 Re8 12. a3 c5 13. dxc5 Nxc5 14. Bb1 Ncd7 15.
cxd5 Nxd5 16. Bf4 Bf6 17. Nxd5 Bxd5 18. Qd3 Nf8 19. Qe2 Qe7 20. Ba2 Bxa2 21.
Rxa2 Red8 22. Raa1 Ng6 1/2-1/2

[Event "NAYCC U16"]
[Site "Kingston CAN"]
[Date "2019.08.18"]
[Round "6.159"]
[White "Tinica, Gabriel"]
[Black "Idnani, Roshan"]
[Result "1/2-1/2"]
[WhiteElo "1775"]
[BlackElo "2034"]
[PlyCount "74"]
[EventDate "2019.08.16"]
[EventType "swiss"]
[EventRounds "9"]
[EventCountry "CAN"]

1. d4 Nf6 2. c4 g6 3. Nc3 Bg7 4. e4 d6 5. f4 O-O 6. Nf3 c5 7. d5 e6 8. Be2 exd5
9. cxd5 b5 10. e5 dxe5 11. fxe5 Ng4 12. Bxb5 Nxe5 13. O-O Bg4 14. Be2 Nbd7 15.
Bf4 Bxf3 16. Bxf3 Rb8 17. Rb1 Rb4 18. Bg3 Nc4 19. Qc1 Qa5 20. Kh1 Rxb2 21. Rxb2
Nxb2 22. Qxb2 Bxc3 23. Qb3 Be5 24. d6 Qa6 25. Rd1 c4 26. Qe3 Bxg3 27. hxg3 Qc8
28. Qxa7 c3 29. Qc7 Qxc7 30. dxc7 Rc8 31. Rxd7 c2 32. Rd8+ Kg7 33. Rxc8 c1=Q+
34. Kh2 Qh6+ 35. Kg1 Qc1+ 36. Kf2 Qd2+ 37. Kg1 Qc1+ 1/2-1/2

[Event "NAYCC U16"]
[Site "Kingston CAN"]
[Date "2019.08.18"]
[Round "6.160"]
[White "Yang, Fan"]
[Black "Maycock Bates, David Henry"]
[Result "1/2-1/2"]
[WhiteElo "2012"]
[BlackElo "1851"]
[PlyCount "81"]
[EventDate "2019.08.16"]
[EventType "swiss"]
[EventRounds "9"]
[EventCountry "CAN"]

1. e4 e5 2. Nf3 Nc6 3. Bc4 Bc5 4. c3 Nf6 5. d3 a6 6. Bb3 Ba7 7. Nbd2 d6 8. h3
h6 9. Nf1 Be6 10. Ng3 O-O 11. O-O Nd7 12. Bc2 Qf6 13. Be3 d5 14. d4 exd4 15.
cxd4 Nb4 16. Bb1 dxe4 17. Nxe4 Qd8 18. Nc3 Nf6 19. Bf4 Nc6 20. Be5 Nd5 21. Be4
Nxe5 22. dxe5 Nxc3 23. bxc3 Qxd1 24. Rfxd1 Rab8 25. Nd4 Bc4 26. Rab1 Rfd8 27.
Nb3 b5 28. Na5 Bxa2 29. Nc6 Bxb1 30. Rxb1 Ra8 31. Nxd8 Rxd8 32. Ra1 Rd2 33.
Rxa6 Bxf2+ 34. Kf1 g6 35. e6 fxe6 36. Rxe6 Kf7 37. Rxg6 Be3 38. Rg3 Bg5 39. Rd3
Ke6 40. Rxd2 Bxd2 41. Bc6 1/2-1/2

[Event "NAYCC U16"]
[Site "Kingston CAN"]
[Date "2019.08.18"]
[Round "6.161"]
[White "Chen, Benjamin"]
[Black "Chen, Andrew"]
[Result "1-0"]
[WhiteElo "1972"]
[BlackElo "1796"]
[PlyCount "61"]
[EventDate "2019.08.16"]
[EventType "swiss"]
[EventRounds "9"]
[EventCountry "CAN"]

1. d4 Nf6 2. c4 e6 3. g3 Bb4+ 4. Bd2 Bxd2+ 5. Nxd2 d6 6. e3 e5 7. Ne2 Nc6 8. d5
Nb8 9. Bg2 O-O 10. Nc3 a5 11. O-O Bf5 12. e4 Bg6 13. f4 exf4 14. gxf4 Bh5 15.
Bf3 Bxf3 16. Nxf3 Nfd7 17. Qd4 Re8 18. Rad1 f6 19. Kh1 Kh8 20. Rg1 Nf8 21. e5
dxe5 22. fxe5 fxe5 23. Nxe5 Re7 24. Rxg7 c5 25. Rxe7 cxd4 26. Nf7+ Kg8 27. Nxd8
dxc3 28. bxc3 b6 29. Re8 Nbd7 30. Rg1+ Kh8 31. Nf7# 1-0

[Event "NAYCC U16"]
[Site "Kingston CAN"]
[Date "2019.08.18"]
[Round "6.162"]
[White "Ahmed, Syed Ibrahim"]
[Black "Chin, Jonathan"]
[Result "1-0"]
[WhiteElo "1815"]
[BlackElo "1921"]
[PlyCount "55"]
[EventDate "2019.08.16"]
[EventType "swiss"]
[EventRounds "9"]
[EventCountry "CAN"]

1. d4 Nf6 2. c4 g6 3. Nf3 Bg7 4. g3 d6 5. Bg2 O-O 6. O-O Nc6 7. Nc3 a6 8. e4
Bg4 9. h3 Bxf3 10. Bxf3 Nd7 11. Be3 e5 12. dxe5 Ndxe5 13. Be2 Ne7 14. Nd5 N5c6
15. Qd2 f5 16. Bg5 fxe4 17. Bg4 h5 18. Be6+ Kh7 19. Kg2 Rf3 20. Qe2 Rd3 21.
Qxe4 Rd4 22. Qe3 Kh8 23. Bf6 Nf5 24. Bxf5 Bxf6 25. Qh6+ Kg8 26. Qxg6+ Bg7 27.
Be6+ Kh8 28. Qxh5+ 1-0

[Event "NAYCC U16"]
[Site "Kingston CAN"]
[Date "2019.08.18"]
[Round "6.163"]
[White "Xiao, Edward"]
[Black "Wei, Daniel"]
[Result "1/2-1/2"]
[WhiteElo "1831"]
[BlackElo "1788"]
[PlyCount "46"]
[EventDate "2019.08.16"]
[EventType "swiss"]
[EventRounds "9"]
[EventCountry "CAN"]

1. d4 d5 2. c4 c6 3. e3 Nf6 4. Nf3 e6 5. Nc3 Nbd7 6. Bd3 dxc4 7. Bxc4 b5 8. Bd3
a6 9. O-O Bb7 10. b3 Bd6 11. Re1 O-O 12. Bb2 e5 13. Ne4 Bb4 14. Nxf6+ Qxf6 15.
dxe5 Qe7 16. Re2 c5 17. Rc2 Bxf3 18. Qxf3 Rfc8 19. Qh3 Nf8 20. Be4 Ra7 21. a3
Ba5 22. Rac1 Rd8 23. g3 Bb6 1/2-1/2

[Event "NAYCC U16"]
[Site "Kingston CAN"]
[Date "2019.08.18"]
[Round "6.164"]
[White "Du, Daniel"]
[Black "Ramesh, Sanjay"]
[Result "1-0"]
[WhiteElo "1696"]
[BlackElo "1531"]
[PlyCount "85"]
[EventDate "2019.08.16"]
[EventType "swiss"]
[EventRounds "9"]
[EventCountry "CAN"]

1. c4 Nf6 2. g3 c6 3. Bg2 d5 4. cxd5 cxd5 5. Nc3 Nc6 6. d3 e6 7. Nf3 Bd6 8. O-O
O-O 9. Re1 e5 10. Bg5 Be6 11. e4 d4 12. Nd5 Be7 13. Nxe7+ Qxe7 14. a3 h6 15.
Bd2 Qc5 16. b4 Qb6 17. Qe2 Bg4 18. h3 Bxf3 19. Bxf3 Rac8 20. Rec1 Ne7 21. a4
Rxc1+ 22. Rxc1 Qe6 23. Rc7 Rc8 24. Rxb7 Rc2 25. Rxa7 Nc8 26. Ra8 Qa2 27. Kg2
Kh7 28. Qf1 Rxd2 29. Rxc8 Qxa4 30. Qb1 Qa3 31. Qc1 Qa2 32. Qf1 Qb3 33. Rc1 Qxb4
34. Rd1 Rc2 35. Rb1 Rb2 36. Rxb2 Qxb2 37. Qd1 Nd7 38. Qa4 Nc5 39. Qc4 Ne6 40.
Bg4 Nd8 41. Qc7 Ne6 42. Qxf7 Ng5 43. Bf5+ 1-0

[Event "NAYCC U16"]
[Site "Kingston CAN"]
[Date "2019.08.18"]
[Round "6.165"]
[White "Ning, Alwin"]
[Black "Ju, Lawrence"]
[Result "1/2-1/2"]
[WhiteElo "1476"]
[BlackElo "1764"]
[PlyCount "50"]
[EventDate "2019.08.16"]
[EventType "swiss"]
[EventRounds "9"]
[EventCountry "CAN"]

1. e4 c5 2. Nf3 Nc6 3. d4 cxd4 4. Nxd4 Nf6 5. f3 g6 6. c4 Bg7 7. Nc2 O-O 8. Be3
d6 9. Nc3 Be6 10. Qd2 Ne5 11. b3 Qa5 12. Nd5 Qxd2+ 13. Kxd2 Nxd5 14. cxd5 Bd7
15. Rc1 Rac8 16. Be2 Be8 17. f4 Nd7 18. Nd4 Nc5 19. Bd3 Bd7 20. b4 Nxd3 21.
Kxd3 a6 22. Rxc8 Rxc8 23. Rc1 Rxc1 24. Bxc1 Bxd4 25. Kxd4 Kf8 1/2-1/2

[Event "NAYCC U16"]
[Site "Kingston CAN"]
[Date "2019.08.18"]
[Round "6.166"]
[White "Yang, Brian"]
[Black "Liao, Joseph"]
[Result "1-0"]
[WhiteElo "1626"]
[BlackElo "1694"]
[PlyCount "39"]
[EventDate "2019.08.16"]
[EventType "swiss"]
[EventRounds "9"]
[EventCountry "CAN"]

1. e4 e6 2. d4 d5 3. Nd2 c5 4. exd5 Qxd5 5. Ngf3 cxd4 6. Bc4 Qd6 7. O-O Nc6 8.
Ne4 Qd7 9. Qe2 Nf6 10. Nxf6+ gxf6 11. Rd1 Bg7 12. c3 O-O 13. Nxd4 Nxd4 14. Rxd4
Qe7 15. Qh5 Rd8 16. Rh4 Qc7 17. b3 b5 18. Qxh7+ Kf8 19. Ba3+ Ke8 20. Bxb5+ 1-0

[Event "NAYCC U16"]
[Site "Kingston CAN"]
[Date "2019.08.18"]
[Round "6.167"]
[White "Lam, Eric"]
[Black "Parsheh, Arshia"]
[Result "1/2-1/2"]
[WhiteElo "1093"]
[BlackElo "1608"]
[PlyCount "59"]
[EventDate "2019.08.16"]
[EventType "swiss"]
[EventRounds "9"]
[EventCountry "CAN"]

1. d4 Nf6 2. c4 e6 3. Nf3 d5 4. Nc3 Be7 5. e3 O-O 6. Bd3 dxc4 7. Bxc4 c5 8. d5
exd5 9. Nxd5 Be6 10. Nxe7+ Qxe7 11. Qc2 Nc6 12. Bxe6 fxe6 13. O-O e5 14. b3 e4
15. Ng5 Rae8 16. Bb2 Ng4 17. Nh3 Qd6 18. g3 Qh6 19. Kg2 Rf5 20. Qe2 Rf3 21. Rh1
Ref8 22. Raf1 R8f5 23. Qc4+ Kf8 24. Qxe4 Nxe3+ 25. fxe3 Rxf1 26. Nf4 R5xf4 27.
exf4 Rxh1 28. Kxh1 Qd6 29. Bc3 Qd1+ 30. Kg2 1/2-1/2

[Event "NAYCC U16"]
[Site "Kingston CAN"]
[Date "2019.08.18"]
[Round "6.168"]
[White "Wang, Elon"]
[Black "Wang, Alex"]
[Result "1-0"]
[WhiteElo "1601"]
[BlackElo "770"]
[PlyCount "51"]
[EventDate "2019.08.16"]
[EventType "swiss"]
[EventRounds "9"]
[EventCountry "CAN"]

1. d4 Nf6 2. c4 g6 3. Nc3 Bg7 4. e4 d6 5. Nf3 e5 6. Be2 Nc6 7. dxe5 dxe5 8. Bg5
Qxd1+ 9. Rxd1 O-O 10. O-O Bg4 11. Rd2 Rad8 12. Rxd8 Rxd8 13. Nd5 Rd6 14. Bxf6
Bxf6 15. c5 Re6 16. Nxc7 Re7 17. Nd5 Re6 18. b4 Bxf3 19. Bxf3 Bg5 20. Bg4 Re8
21. Rb1 Ne7 22. b5 f5 23. Bf3 fxe4 24. Bxe4 Nxd5 25. Bxd5+ Kf8 26. Bxb7 1-0

[Event "NAYCC U16"]
[Site "Kingston CAN"]
[Date "2019.08.18"]
[Round "6.169"]
[White "Jeyakumar, Yathushan"]
[Black "Bilodeau-Savaria, Carl-William"]
[Result "0-1"]
[WhiteElo "1442"]
[BlackElo "1447"]
[PlyCount "120"]
[EventDate "2019.08.16"]
[EventType "swiss"]
[EventRounds "9"]
[EventCountry "CAN"]

1. e4 c5 2. c3 e6 3. d4 Nf6 4. Bd3 Be7 5. f4 d6 6. Nf3 Nc6 7. O-O O-O 8. Nbd2
Qc7 9. h3 cxd4 10. cxd4 Nb4 11. Be2 Nc2 12. Rb1 Ne3 13. Qe1 Nxf1 14. Kxf1 d5
15. e5 Nd7 16. Nb3 f6 17. Bd3 fxe5 18. fxe5 Qd8 19. Kg1 Qe8 20. Qg3 Qh5 21. Bg5
Rf7 22. Bf4 Nf8 23. Ng5 Rxf4 24. Qxf4 Qxg5 25. Qf3 Bd7 26. Rf1 Be8 27. Qf2 Bg6
28. Be2 Qh4 29. Qf3 Rc8 30. a3 Nd7 31. Qg4 Bf5 32. Qf3 Bg6 33. Qg4 Qxg4 34.
Bxg4 Bf7 35. Rc1 Rxc1+ 36. Nxc1 Bd8 37. Kf2 Bb6 38. Nb3 Nxe5 39. Be2 Nc6 40.
Ke3 Nxd4 41. Nxd4 e5 42. Kd3 Bxd4 43. b3 Bg6+ 44. Kd2 Kf7 45. Bf3 Ke6 46. Bg4+
Bf5 47. Be2 e4 48. g4 Bg6 49. h4 h5 50. gxh5 Bf5 51. b4 Ke5 52. a4 e3+ 53. Kd1
Bb2 54. b5 d4 55. a5 b6 56. axb6 axb6 57. h6 gxh6 58. h5 d3 59. Bf3 Kf4 60. Bc6
Bc3 0-1

[Event "NAYCC U16"]
[Site "Kingston CAN"]
[Date "2019.08.18"]
[Round "6.170"]
[White "Mart, Aidan"]
[Black "Cao, Bruce"]
[Result "0-1"]
[WhiteElo "1247"]
[BlackElo "1359"]
[PlyCount "68"]
[EventDate "2019.08.16"]
[EventType "swiss"]
[EventRounds "9"]
[EventCountry "CAN"]

1. e4 c5 2. Nf3 d6 3. d4 cxd4 4. Nxd4 Nf6 5. Nc3 g6 6. Bd3 Bg7 7. Be3 O-O 8.
O-O Nc6 9. Qd2 Ng4 10. Nf3 a6 11. Rfe1 Nxe3 12. Qxe3 b5 13. a3 e6 14. Rab1 Bb7
15. Na2 Re8 16. b3 Qa5 17. a4 b4 18. Rbd1 Rad8 19. Rd2 Re7 20. Red1 h5 21. Bc4
d5 22. Be2 d4 23. Qd3 Bh6 24. Nc1 Bxd2 25. Qxd2 Ne5 26. Nd3 Nxf3+ 27. Bxf3 Kg7
28. h3 Rc7 29. Rc1 Rc3 30. Ne1 Qb6 31. g3 a5 32. Bg2 Qc7 33. Bh1 Ba6 34. Bg2 d3
0-1

[Event "NAYCC U16"]
[Site "Kingston CAN"]
[Date "2019.08.18"]
[Round "6.171"]
[White "Vigil, Enrique"]
[Black "Pride, Curtis"]
[Result "1/2-1/2"]
[WhiteElo "1003"]
[BlackElo "1163"]
[PlyCount "102"]
[EventDate "2019.08.16"]
[EventType "swiss"]
[EventRounds "9"]
[EventCountry "CAN"]

1. e4 e5 2. f4 d6 3. Bc4 Nf6 4. Nc3 exf4 5. Nf3 h6 6. d4 c6 7. Bxf4 d5 8. exd5
cxd5 9. Bb3 Bb4 10. O-O Bxc3 11. Qe2+ Be6 12. bxc3 O-O 13. c4 Re8 14. c5 Bd7
15. Be5 b5 16. c3 Nc6 17. Bxf6 Qxf6 18. Ne5 Qg5 19. Qf3 Nxe5 20. dxe5 Be6 21.
Bxd5 Bxd5 22. Qxd5 Qe7 23. Rae1 Rad8 24. Qc6 Rc8 25. Qxb5 Qxc5+ 26. Qxc5 Rxc5
27. Re3 Rcxe5 28. Rxe5 Rxe5 29. Rc1 f6 30. Kf2 g5 31. Kf3 Kf7 32. g4 Ra5 33.
Rb1 Rxa2 34. h3 Ra4 35. Rb7+ Kg6 36. Ke3 f5 37. gxf5+ Kxf5 38. Rh7 Kg6 39. Rh8
Kh5 40. Kd3 Rh4 41. c4 Rxh3+ 42. Kd4 g4 43. c5 g3 44. c6 g2 45. Rg8 Rh4+ 46.
Kd5 Rg4 47. Rxg4 Kxg4 48. c7 g1=Q 49. c8=Q+ Kh4 50. Qa6 Qg5+ 51. Kd4 Qg4+
1/2-1/2

[Event "NAYCC U16"]
[Site "Kingston CAN"]
[Date "????.??.??"]
[Round "7.154"]
[White "Talukdar, Rohan"]
[Black "Chen, Alex"]
[Result "1/2-1/2"]
[WhiteElo "2399"]
[BlackElo "1796"]
[PlyCount "76"]
[EventDate "2019.08.16"]
[EventType "swiss"]
[EventRounds "9"]
[EventCountry "CAN"]

1. e4 c5 2. Nf3 d6 3. d4 cxd4 4. Nxd4 Nf6 5. Nc3 g6 6. Be3 Bg7 7. f3 O-O 8. Qd2
Nc6 9. O-O-O d5 10. Qe1 e5 11. Nxc6 bxc6 12. exd5 Nxd5 13. Bc4 Be6 14. Ne4 Qc7
15. Bc5 Rfd8 16. Qh4 h6 17. g4 Nf4 18. Bxe6 Nxe6 19. Be3 Nf4 20. Bxf4 exf4 21.
c3 Rd5 22. Nf6+ Bxf6 23. Qxf6 Qe5 24. Qxc6 Rad8 25. Rde1 Qb8 26. Re8+ Rxe8 27.
Qxd5 Re2 28. Qb3 Qe5 29. c4 a5 30. a4 Re3 31. Qb7 Re1+ 32. Rxe1 Qxe1+ 33. Kc2
Qe2+ 34. Kb3 Qd1+ 35. Ka3 Qa1+ 36. Kb3 Qd1+ 37. Kc3 Qc1+ 38. Kd3 Qe3+ 1/2-1/2

[Event "NAYCC U16"]
[Site "Kingston CAN"]
[Date "2019.09.19"]
[Round "7.155"]
[White "Rodrigue-Lemieux, Shawn"]
[Black "Ahmed, Syed Ibrahim"]
[Result "1-0"]
[WhiteElo "2199"]
[BlackElo "1815"]
[PlyCount "51"]
[EventDate "2019.08.16"]
[EventType "swiss"]
[EventRounds "9"]
[EventCountry "CAN"]

1. e4 c6 2. d4 d5 3. Nc3 dxe4 4. Nxe4 Nf6 5. Nxf6+ exf6 6. c3 Bd6 7. Bd3 O-O 8.
Qc2 Re8+ 9. Ne2 h5 10. Be3 Nd7 11. Ng3 Bf4 12. O-O Bxg3 13. hxg3 Nf8 14. Rfe1
Bg4 15. f3 Be6 16. Rad1 Qc7 17. Kf2 g6 18. Rh1 Re7 19. Rh2 Rae8 20. Bf4 Qd7 21.
g4 hxg4 22. Rdh1 Bf5 23. Qd2 Bxd3 24. Rh8+ Kg7 25. Bh6+ Kxh8 26. Bg7+ 1-0

[Event "NAYCC U16"]
[Site "Kingston CAN"]
[Date "2019.08.19"]
[Round "7.156"]
[White "Zhao, Ian"]
[Black "Chen, Benjamin"]
[Result "0-1"]
[WhiteElo "2210"]
[BlackElo "1972"]
[PlyCount "56"]
[EventDate "2019.08.16"]
[EventType "swiss"]
[EventRounds "9"]
[EventCountry "CAN"]

1. e4 c5 2. Nf3 d6 3. Bb5+ Bd7 4. Bxd7+ Qxd7 5. c4 Nc6 6. Nc3 g6 7. d4 cxd4 8.
Nxd4 Bg7 9. Be3 Nf6 10. f3 O-O 11. O-O Rfc8 12. Qd2 Nxd4 13. Bxd4 Rxc4 14. b3
Nxe4 15. Nxe4 Rxd4 16. Qe2 Rxe4 17. Qxe4 Bxa1 18. Rxa1 d5 19. Rd1 e6 20. Qd4
Qc6 21. Kf2 Rc8 22. Rd2 Qc5 23. Ke3 e5 24. Qxc5 Rxc5 25. Kd3 f6 26. b4 Rc4 27.
Rb2 Kf7 28. a3 Ke6 0-1

[Event "NAYCC U16"]
[Site "Kingston CAN"]
[Date "2019.08.19"]
[Round "7.157"]
[White "Surya, Benito"]
[Black "Shlyakhtenko, Robert"]
[Result "0-1"]
[WhiteElo "1920"]
[BlackElo "2196"]
[PlyCount "102"]
[EventDate "2019.08.16"]
[EventType "swiss"]
[EventRounds "9"]
[EventCountry "CAN"]

1. e4 g6 2. d4 Bg7 3. Nc3 d6 4. Bg5 a6 5. f4 b5 6. Nf3 Nd7 7. Bd3 Bb7 8. e5 c5
9. Ne4 Qb6 10. c3 f6 11. exf6 exf6 12. Bh4 c4 13. Bc2 Ne7 14. O-O O-O 15. Qd2
Rae8 16. Rae1 Bd5 17. Qf2 Nf5 18. Ned2 Nxh4 19. Nxh4 f5 20. a3 Nf6 21. h3 Qc6
22. Kh2 Kh8 23. Nhf3 a5 24. Rxe8 Qxe8 25. Re1 Qd7 26. Re3 Bc6 27. g3 Nd5 28.
Re2 Bf6 29. Nf1 Qb7 30. N3d2 Qf7 31. Ne3 Nxe3 32. Rxe3 Qd5 33. Re1 g5 34. Bd1
Qf7 35. Bf3 Bd7 36. Bg2 h6 37. Nf1 h5 38. Ne3 Be6 39. Bc6 d5 40. Bxb5 Rg8 41.
Rg1 Qc7 42. Qe2 Bf7 43. Qf2 Rf8 44. Ba4 h4 45. gxh4 gxf4 46. Nxf5 Be6 47. Bc2
Bd8 48. Nh6 f3+ 49. Rg3 Bxh4 50. Ng4 Bxg4 51. hxg4 Qxg3+ 0-1

[Event "NAYCC U16"]
[Site "Kingston CAN"]
[Date "2019.08.19"]
[Round "7.158"]
[White "Liang, Dustin"]
[Black "Wang, Henry"]
[Result "1-0"]
[WhiteElo "1885"]
[BlackElo "2001"]
[PlyCount "51"]
[EventDate "2019.08.16"]
[EventType "swiss"]
[EventRounds "9"]
[EventCountry "CAN"]

1. e4 c6 2. d4 d5 3. e5 c5 4. dxc5 e6 5. Be3 Nd7 6. Bb5 Qa5+ 7. Nc3 a6 8. Ba4
Bxc5 9. Bxc5 Qxc5 10. Bxd7+ Bxd7 11. Nge2 Ne7 12. Qd4 Qc7 13. f4 b5 14. a3 O-O
15. O-O f6 16. exf6 gxf6 17. Qd3 Be8 18. Nd4 e5 19. fxe5 Bg6 20. Qe3 fxe5 21.
Rxf8+ Rxf8 22. Ne6 Qd6 23. Nxf8 d4 24. Qf2 Bf5 25. Ne2 Kxf8 26. Ng3 1-0

[Event "NAYCC U16"]
[Site "Kingston CAN"]
[Date "2019.08.19"]
[Round "7.159"]
[White "Yang, Kevin"]
[Black "Yang, Fan"]
[Result "1-0"]
[WhiteElo "2164"]
[BlackElo "2012"]
[PlyCount "53"]
[EventDate "2019.08.16"]
[EventType "swiss"]
[EventRounds "9"]
[EventCountry "CAN"]

1. Nf3 Nf6 2. g3 d5 3. Bg2 c6 4. O-O Bf5 5. d3 Nbd7 6. Nbd2 e5 7. Qe1 h6 8. e4
dxe4 9. dxe4 Bh7 10. Nc4 Qc7 11. Nh4 Bc5 12. b4 Nb6 13. bxc5 Nxc4 14. Qb4 b5
15. cxb6 Nxb6 16. Nf5 Bxf5 17. exf5 Rc8 18. f4 Nfd5 19. Qe4 O-O 20. fxe5 Rfe8
21. Bb2 Nd7 22. Rae1 N5f6 23. Qd4 c5 24. Qf4 Nh7 25. f6 g5 26. Qf5 Rb8 27. e6
1-0

[Event "NAYCC U16"]
[Site "Kingston CAN"]
[Date "2019.08.19"]
[Round "7.160"]
[White "Tinica, Gabriel"]
[Black "Vasic, Maxim"]
[Result "1/2-1/2"]
[WhiteElo "1776"]
[BlackElo "1862"]
[PlyCount "72"]
[EventDate "2019.08.16"]
[EventType "swiss"]
[EventRounds "9"]
[EventCountry "CAN"]

1. d4 d5 2. Bf4 c5 3. e3 Nc6 4. c3 Bf5 5. Nd2 e6 6. Ngf3 Bd6 7. Bg3 Nf6 8. a3
O-O 9. b4 cxd4 10. cxd4 Rc8 11. Be2 Bxg3 12. hxg3 Ne7 13. Rc1 Rxc1 14. Qxc1 Qb8
15. O-O Rc8 16. Qa1 Qc7 17. Qb2 Qc3 18. Qxc3 Rxc3 19. Ra1 Nc8 20. b5 Nd6 21. a4
Rc2 22. Bd1 Rc3 23. Ne5 h5 24. Nb3 Nc4 25. Nf3 Nb2 26. Na5 Nxd1 27. Rxd1 b6 28.
Nc6 Ra3 29. Nxa7 Rxa4 30. Nc8 Nd7 31. Ne5 Nxe5 32. dxe5 Kh7 33. Nd6 Kg6 34. Rc1
f6 35. Nxf5 Kxf5 36. exf6 gxf6 1/2-1/2

[Event "NAYCC U16"]
[Site "Kingston CAN"]
[Date "2019.08.19"]
[Round "7.161"]
[White "Maycock Bates, David Henry"]
[Black "Du, Daniel"]
[Result "1-0"]
[WhiteElo "1851"]
[BlackElo "1696"]
[PlyCount "53"]
[EventDate "2019.08.16"]
[EventType "swiss"]
[EventRounds "9"]
[EventCountry "CAN"]

1. e4 c5 2. Nf3 d6 3. d4 cxd4 4. Nxd4 Nf6 5. Nc3 a6 6. Bc4 e6 7. Bb3 b5 8. Bg5
Be7 9. Qf3 Qc7 10. e5 Bb7 11. exd6 Bxd6 12. Qe3 Nc6 13. Nf5 O-O-O 14. Nxd6+
Qxd6 15. O-O h6 16. Bh4 Ne5 17. Bg3 Qc6 18. f3 Nc4 19. Bxc4 Qxc4 20. Rfd1 Nd7
21. a4 b4 22. Rd4 Qc5 23. b3 Bd5 24. Ne4 Qc6 25. Nd6+ Kb8 26. Nb5+ e5 27. Rxd5
1-0

[Event "NAYCC U16"]
[Site "Kingston CAN"]
[Date "2019.08.19"]
[Round "7.162"]
[White "Chen, Andrew"]
[Black "Xiao, Edward"]
[Result "1/2-1/2"]
[WhiteElo "1796"]
[BlackElo "1831"]
[PlyCount "82"]
[EventDate "2019.08.16"]
[EventType "swiss"]
[EventRounds "9"]
[EventCountry "CAN"]

1. e4 c5 2. Ne2 Nc6 3. Nbc3 g6 4. g3 Bg7 5. Bg2 e6 6. d3 Nge7 7. Bg5 d6 8. Qd2
Qb6 9. Rb1 O-O 10. O-O a6 11. Be3 Qc7 12. f4 Nd4 13. Nd1 Bd7 14. c3 Nxe2+ 15.
Qxe2 Rab8 16. d4 cxd4 17. cxd4 Bb5 18. Qf3 Bxf1 19. Bxf1 Rfc8 20. g4 f5 21. Bd3
Rf8 22. h4 Nc6 23. e5 d5 24. h5 Nb4 25. Rc1 Qf7 26. Bb1 Rbc8 27. Nc3 Rc7 28. a3
Nc6 29. Kh2 Na5 30. Rg1 Nc4 31. Bc1 Kh8 32. hxg6 hxg6 33. Kg2 Rfc8 34. gxf5
gxf5 35. Qh3+ Kg8 36. Nxd5 exd5 37. Bxf5 Re8 38. Kf3 Rc6 39. Qh7+ Kf8 40. Bg6
Rxg6 41. Qxg6 Re6 1/2-1/2